| 000 | 01072nam a22003137a 4500 | ||
|---|---|---|---|
| 003 | DO-SdBPM | ||
| 005 | 20260127112245.0 | ||
| 007 | ta | ||
| 008 | 171117b1988|pr |||| 00| 0 spa d | ||
| 020 | _a0934369283 | ||
| 040 |
_aDO-SdBPM _bspa _cBPMSU _erda |
||
| 082 | 4 |
_a658 _bF634a 1988 _2 22 |
|
| 100 | 1 |
_aJavier Flores, Francisco _eautor _4aut. |
|
| 245 | 1 | 0 |
_aAdministración de pequeñas empresas / _cFrancisco Javier Flores ; editor Andrés Palomares |
| 260 | _c | ||
| 264 |
_aPuerto Rico : _bLibrotex, _c1988 |
||
| 300 |
_a419 páginas _c26 cm. |
||
| 336 |
_atexto _btxt _2rdacontent |
||
| 337 |
_asin mediación _bn _2rdamedia |
||
| 338 |
_avolumen _bnc _2rdacarrier |
||
| 500 | _aIncluye referencias bibliográficas y notas al pie de las páginas | ||
| 504 | _aBibliografía : páginas 415-419 | ||
| 590 | _aInventariado, 2026/VM | ||
| 650 | 7 | _aAdministración de pequeñas y medianas empresas. | |
| 650 | 7 | _aAdministración de microempresas. | |
| 700 | 1 |
_aPalomares, Andrés, _eeditor |
|
| 910 | _aVMateo V. Control de calidad. BPMSU | ||
| 942 |
_2ddc _cBK |
||
| 999 |
_c12939 _d12939 |
||